Cronicas de los Reyes de Castilla (Record no. 157998)

MARC details
000 -LEADER
campo de control de longitud fija 01863nam a2200289 i 4500
001 - NÚMERO DE CONTROL
campo de control 157998
003 - IDENTIFICADOR DE NÚMERO DE CONTROL
campo de control ES-MaACL
005 - FECHA Y HORA DE LA ÚLTIMA TRANSACCIÓN
campo de control 20251012205635.0
008 - DATOS DE LONGITUD FIJA--INFORMACIÓN GENERAL
campo de control de longitud fija 931025s1780 sp |||| |dspa d
100 1# - ENTRADA PRINCIPAL--NOMBRE DE PERSONA
Nombre de persona López de Ayala, Pedro,
Fechas asociadas al nombre 1332-1407
9 (RLIN) 73530
245 10 - MENCIÓN DEL TÍTULO
Título Cronicas de los Reyes de Castilla
Resto del título : Don Pedro, Don Enrique II, Don Juan I, Don Enrique III /
Mención de responsabilidad, etc. por D. Pedro Lopez de Ayala ... ; con las enmiendas de ... Geronimo de Zurita ; y las correcciones y notas añadidas por Don Eugenio de Llaguno Amirola ... ; tomo II que contiene las de Don Enrique II D. Juan I y D. Enrique III.
260 ## - PUBLICACIÓN, DISTRIBUCIÓN, ETC.
Lugar de publicación, distribución, etc. Madrid :
Nombre del editor, distribuidor, etc. en la imprenta de Don Antonio de Sancha, se hallarà en su libreria ...,
Fecha de publicación, distribución, etc. 1780.
300 ## - DESCRIPCIÓN FÍSICA
Extensión XXVIII, 664 p., [2] h. de grab. ;
Dimensiones 4º.
490 1# - MENCIÓN DE SERIE
Mención de serie Colección de las crónicas y memorias de los reyes de Castilla ;
Designación de volumen o secuencia 2
530 ## - NOTA DISPONIBLE DE FORMULARIO FÍSICO ADICIONAL
Nota de formato físico adicional disponible Disponible en formato digital.
597 ## - NOTA DE DESCRIPCIÓN FÍSICA
NOTA DE DESCRIPCIÓN FÍSICA Sign.: *-3*4, 4*2, A-Z4, 2A-2Z4, 3A-3Z4, 4A-4O4.
599 ## - NOTA A LAS ILUSTRACIONES
NOTA A LAS ILUSTRACIONES La primera h. de grab. calc.: "Antonius Carnicero inut; et delts; Moreno de Tejada sct", retrato de Don Enrique Segundo, la segunda "A. Carnicero delin." "S. Brieva invt.", retrato de Don Juan I.
651 #4 - PUNTO DE ACCESO ADICIONAL DE MATERIA--NOMBRE GEOGRÁFICO
Nombre geográfico España-
Subdivisión general Historia-
Subdivisión cronológica S.XIV.
9 (RLIN) 8351
651 #4 - PUNTO DE ACCESO ADICIONAL DE MATERIA--NOMBRE GEOGRÁFICO
Nombre geográfico Castilla (Reino)-
Subdivisión general Reyes y soberanos.
9 (RLIN) 163030
651 #4 - PUNTO DE ACCESO ADICIONAL DE MATERIA--NOMBRE GEOGRÁFICO
Nombre geográfico Castilla (Reino)-
Subdivisión general Historia.
9 (RLIN) 7987
700 1# - ENTRADA AGREGADA--NOMBRE PERSONAL
Nombre de persona Llaguno y Amírola, Eugenio,
Fechas asociadas al nombre 1724-1799
9 (RLIN) 72661
700 1# - ENTRADA AGREGADA--NOMBRE PERSONAL
Nombre de persona Zurita, Jerónimo.
9 (RLIN) 118536
830 00 - PUNTO DE ACCESO ADICIONAL DE SERIE-TÍTULO UNIFORME
Título uniforme Colección de las crónicas y memorias de los reyes de Castilla
Designación de volumen o secuencia 2
9 (RLIN) 184660
852 ## - LOCALIZACIÓN
Ubicación ES-MaACL
Número de control de estantería R-1292-93
Nota libre - Enc. pasta española
Encuadernación - Edic.: Contiene [1] h. pleg. del "Arbol de costados de rey Felipe V" entre las p. 662 y 663
-- Olim: G-13138-39
856 ## - LOCALIZACIÓN Y ACCESO ELECTRÓNICOS
Identificador Uniforme de Recursos <a href="http://bibliotecadigital.jcyl.es/i18n/consulta/registro.cmd?id=8182">http://bibliotecadigital.jcyl.es/i18n/consulta/registro.cmd?id=8182</a>
Nota pública Biblioteca Digital de Castilla y León
Holdings
Estatus retirado Estado de pérdida Estado de daño No para préstamo Colección Biblioteca de origen Biblioteca actual Ubicación en estantería Fecha de adquisición Total de préstamos Signatura topográfica completa Código de barras Visto por última vez Precio de reemplazo Tipo de ítem Koha
        Colección digital Biblioteca del Ateneo de Madrid Biblioteca del Ateneo de Madrid Depósito 17/01/2008   R-1292-93 1165358 23/02/2023 23/02/2023 Libro impreso antiguo